Культура мови (Запис № 321468)

МАРК-запис
000 -Лідер
fixed length control field 00818nam a22002537a 4500
001 - Контрольний номер
control field 35077
003 - Ідентифікатор контрольного номера
control field UA-OsUOA
005 - Дата та час останнього входження (трансакції)
control field 20220127102308.0
007 - Фіксоване поле фізичного опису
fixed length control field ta
008 - Елементи даних фіксованої довжини – загальна інформація
fixed length control field 20051107b un ||||| |||| 00| 0 ukr d
020 ## - Міжнародний стандартний книжковий номер (ISBN)
Міжнародний стандартний книжковий номер (ISBN) (НП) 9667520544
040 ## - Джерело каталогізації
Агенція оригінальної каталогізації UA-OsUOA
Мова каталогізації ukr
Агенція, яка здійснювала перезапис UA-OsUOA
Агенція, яка здійснювала модифікацію UA-OsUOA
041 ## - Код мови
Код мови тексту/ звукової доріжки чи окремого заголовка (П) ukr
080 ## - Індекс Універсальної десяткової класифікації
Індекс Універсальної десяткової класифікації (УДК) (НП) 81.374.3-161.2
090 ## - Локальний шифр розміщення
Класифікаційний індекс УДК 81.374.3-161.2
Авторський знак (НП) С87
100 ## - Основне введення – ім’я особи
Ім’я особи (НП) Струганець Л. В.
245 ## - Відомості про назву
Назва (НП) Культура мови
Решта назви (НП) словник термінів
260 ## - Публікація, розповсюдження і т.п. (Вихідні дані)
Місце публікації, розповсюдження і т.п. (П) Тернопіль
Ім’я/ наймення видавництва, розповсюджувача і т.п. (П) Навчальна книга
Дата публікації, розповсюдження і т.п. (П) 2000
300 ## - Фізичний опис
Обсяг 88 с.
650 #7 - Додаткове предметне введення – тематичний термін
Тематичний термін чи географічна назва, як елемент введення (НП) 8 Мовознавство. Художня література. Літературознавство
Джерело заголовка чи терміна UDC
942 ## - Додаткові елементи входу (Коха)
Тип елемента Koha Книги
Source of classification or shelving scheme Universal Decimal Classification
955 ## - Код типу видання за змістом
Код типу видання за змістом (НП) Навчальні видання
Фонди
Стан вилучень Стан втрат Джерело класифікації або схеми стелажів Стан уражень Не для кредиту Постійне місце розташування Поточне розміщення Дата придбання Інвентарний номер Усього замовленно Повний номер виклику Штрих-код Дата останнього перегляду Ціна ефективна від Тип елемента Koha Джерело придбання Вартість, звичайна ціна покупки
    Universal Decimal Classification     АБ - Абонемент НБ АБ - Абонемент НБ 21/01/2006 89979   81'374.3-161.2 С87 89979 13/01/2022 30/09/2004 Книги 5/2006 6.00
    Universal Decimal Classification     АБ - Абонемент НБ АБ - Абонемент НБ 21/01/2006 89980   81'374.3-161.2 С87 89980 13/01/2022 30/09/2004 Книги 5/2006 6.00
    Universal Decimal Classification     ЧЗ - Читальна зала ЧЗ - Читальна зала 30/09/2004 75682   81'374.3-161.2 С87 75682 02/12/2021 30/09/2004 Книги    
    Universal Decimal Classification     ЧЗ - Читальна зала ЧЗ - Читальна зала 30/09/2004 75683   81'374.3-161.2 С87 75683 17/11/2021 30/09/2004 Книги    
    Universal Decimal Classification     ЧЗ - Читальна зала ЧЗ - Читальна зала 30/09/2004 75684   81'374.3-161.2 С87 75684 17/11/2021 30/09/2004 Книги    
    Universal Decimal Classification     ЧЗ - Читальна зала ЧЗ - Читальна зала 10/05/2005 84918   81'374.3-161.2 С87 84918 11/02/2022 30/09/2004 Книги    
    Universal Decimal Classification     ЧЗ - Читальна зала ЧЗ - Читальна зала 07/11/2005 75680   81.374.3-161.2 С87 75680 11/02/2022 07/11/2005 Книги    
    Universal Decimal Classification     ЧЗ - Читальна зала ЧЗ - Читальна зала 07/11/2005 75681   81.374.3-161.2 С87 75681 11/02/2022 07/11/2005 Книги